000 00967nam a2200277 c 4500
003 BLK
005 20180422100245.0
008 180408b bul|||||r ||||||| ||bul||
010 _aKNG00036694000
020 _a954-739-143-7
_bиздат.: Захарий Стоянов
040 _aBLK
080 _aБългарска литература
_b821.163.2
_x-1
_z821.163.2-1
100 1 _aИванова, Виктория
_eпърви автор
_9364880
139 _aИванова, Виктория
_bИ 22
245 1 0 _aНощем
_bСтихове
_cВиктория Иванова.
257 _aBGR
260 София
_bЗахарий Стоянов
_c2001
_fСофия : Вулкан 4
300 _a40 с.
_c20 см
380 _aX
490 1 _aСъвременна българска поезия
852 _aЦб 208800
856 4 _qpdf
_u
856 4 _qpdf
_u
942 _cKNG
_n0
944 _aCR
_c15.01.2003
_kЦветанка_Енчева
944 _aED
_c29.07.2003
_k
999 _c33999
_d33999